Serie A: 150+ Goals - Statistics

General Stats
  • This quiz has been taken 12 times
  • The average score is 5 of 7
Answer Stats
Ranking Player Positions Nationality Matches Goals (assists) Periods Clubs % Correct
7 Zlatan Ibrahimović FW 283 156 (59) 2004-2008, 2010-2011, 2019-2023
100%
2 Francesco Totti MF, FW 446 207 (115) 2000-2017
91%
1 Antonio Di Natale FW 444 209 (64) 2002-2016
73%
3 Ciro Immobile FW 353 201 (46) 2008-2009, 2012-2013, 2015-2024
73%
5 Fabio Quagliarella FW 555 182 (49) 2001-2002, 2005-2023
64%
4 Alberto Gilardino FW 497 185 (34) 2000-2017
55%
6 Luca Toni FW 344 157 (47) 2000-2002, 2004-2006, 2009-2010, 2012-2016
45%
No matching quizzes found
Score Distribution
Percent of People with Each Score
Percentile by Number Answered
Your Score History
You have not taken this quiz